02204 2200229 4500001002100000005001500021035002000036245005100056100002400107300002500131700003800156260004600194082001100240084001700251020002200268650002800290520155800318008004101876990001901917990001901936990001901955INLIS00000000001473720250805100646 a0010-08250000021 aKomunikasi lintas agama /cAsep Saeful Muhtadi0 aAsep Saeful Muhtadi axii, 277 hlm.; 24 cm0 aIqbal Triadi Nugraha (Penyunting) aBandung :bSimbiosa Rekatama Media,c2019 a302.35 a302.35 ASE k a978-602-7073-87-9 aKomunikasi dalam Budaya aDaftar panjang kasus kekerasan atas nama agama semakin hari semakin bertambah, baik di Indonesia maupun di berbagai belahan dunia. Peristiwa intoleransi agama pun seolah tidak pernah berhenti dengan jatuhnya korban jiwa umat beragama. Fasilitas kehidupan beragama, seperti rumah ibadah, tidak luput dari sasaran kemarahan atas nama agama. Lebih ironi lagi, peristiwa tersebut justru terjadi pada masyarakat yang sebelumnya dikenal rukun, santun, toleran, dan nyaris tidak ada masalah. Diduga kuat, peristiwa-peristiwa kekerasan berakar pada semakin meningkatnya sikap intoleransi umat beragama karena kehidupan beragama bersentuhan dengan variabel lain di luar agama, seperti masalah politik, ekonomi, dan masalah sosial lainnya. Kebekuan komunikasi menjadi titik awal persoalan pecahnya ketegangan komunikasi sehingga berimplikasi pada semakin menegangnya relasi antarkomuniktas. Usaha mendekatkan jarak antarumat beragama pun nyaris tak pernah menemukan hasil. Dari hasil penelaahan sederhana, umumnya konflik bersumber dari kesenjangan komunikasi antarindividu ataupun komunitas, miskin pertemuan yang lebih egaliter, dan kalaupun ada, cenderung formalistis dengan hanya mengedepankan kepentingan politik pragmatis. Buku KOMUNIKASI LINTAS AGAMA ini membahas bagaimana usaha menemukan solusi menciptakan kehidupan harmoni di tengah masyarakat multikultural, seperti halnya di Indonesia, juga formula penguatan kompetensi komunikasi lintas agama sebagai salah satu alternatif menemukan solusi harmonisasi hubungan antarpemeluk agama yang berbeda.250805 e 0 ind  a025.3795/PC/25 a025.3796/PC/25 a025.3797/PC/25